| Tag |
First Indicator |
Second Indicator |
Subfields |
| LEADER |
00000cam a2200000 a 4500 |
| 001 |
in00001444310 |
| 005 |
20151020111226.0 |
| 008 |
971031s1998 flua b 001 0 eng |
| 010 |
|
|
|a 97039324
|
| 020 |
|
|
|a 0849324890 (alk. paper)
|
| 035 |
|
|
|a (OCoLC)37917301
|
| 035 |
|
|
|9 AJB5986AM
|
| 040 |
|
|
|a DLC
|c DLC
|d PMC
|d TXA
|d UtOrBLW
|
| 049 |
|
|
|a TXAM
|
| 050 |
0 |
0 |
|a TA1800
|b .I528 1998
|
| 082 |
0 |
0 |
|a 621.36/92
|2 21
|
| 245 |
0 |
0 |
|a Infrared fiber optics /
|c edited by Jasbinder S. Sanghera, Ishwar D. Aggarwal.
|
| 264 |
|
1 |
|a Boca Raton, Fla :
|b CRC Press,
|c [1998]
|
| 264 |
|
4 |
|c ©1998
|
| 300 |
|
|
|a 347 pages :
|b illustrations ;
|c 25 cm.
|
| 336 |
|
|
|a text
|b txt
|2 rdacontent
|
| 337 |
|
|
|a unmediated
|b n
|2 rdamedia
|
| 338 |
|
|
|a volume
|b nc
|2 rdacarrier
|
| 504 |
|
|
|a Includes bibliographical references and index.
|
| 505 |
0 |
|
|a Optical transmission theory / Malcolm E. Lines and Paul Klocek -- Silica glass-based fibers / Allan J. Bruce -- Flouride glass-based fibers / Jasbinder S. Sanghera ... [et al.] -- Chalcogenide glass-based fibers / Junji Nishii and Toshiharu Yamashita -- Single-crystal fibers / Robert S.F. Chang and Nicholas Djeu -- Polycrystalline fibers / Leonid Butvina -- Hollow fibers / Christopher Gregory -- Applications of IR transmitting fibers / Mark Druy.
|
| 650 |
|
0 |
|a Fiber optics.
|
| 650 |
|
0 |
|a Infrared technology.
|
| 650 |
|
0 |
|a Electrooptics.
|
| 700 |
1 |
|
|a Sanghera, J. S.
|q (Jasbinder S.)
|
| 700 |
1 |
|
|a Aggarwal, Ishwar D.,
|d 1945-
|
| 948 |
|
|
|a c:jh
|
| 999 |
|
|
|a MARS
|
| 999 |
f |
f |
|s d4553054-14b8-3384-9a12-44671cbcf549
|i 620fca91-8605-3903-ab52-8b9dab2459fb
|t 0
|
| 952 |
f |
f |
|p ric
|a Texas A&M University
|b Rellis Campus
|c Joint Library Facility
|d Remote Storage
|t 0
|e TA1800 .I528 1998
|h Library of Congress classification
|i unmediated -- volume
|m A14823553689
|
| 998 |
f |
f |
|a TA1800 .I528 1998
|t 0
|l Remote Storage
|